000 00641nam a2200229Ia 4500
003 OSt
005 20220928123929.0
006 a|||||r|||| 00| 0
007 ta
008 220927b |||||||| |||| 00| 0 eng d
024 _a43156
037 _cTextual
040 _aSDCL
_cSDCL
_beng
041 _2eng
_aeng
082 _aV212,41C'N7, M2
100 _aNossiter T J
_9462393
245 0 _aCommunism in Kerala
_b A study in political adaptation
260 _aDelhi
_bOxford University Press
_c1982
300 _axv,246p
_ccm.
942 _hV212,41C'N7, M2
_cTEXL
_2CC
999 _c775379
_d775379